000 00358nam a2200145Ia 4500
003 OSt
005 20240328114525.0
008 170523s9999 xx 000 0 und d
020 _a978-8126527434
040 _cIIMT UNIVERSITY MEERUT
100 _aRajankar- S.O.
245 0 _aNetwork Synthesis and Filter Design
260 _aWiley India
942 _2ddc
_c02
999 _c12444
_d12444